Human-computer interaction : (Record no. 26698)
[ view plain ]
| 000 -LEADER | |
|---|---|
| fixed length control field | 01181cam a22002775a 4500 |
| 001 - CONTROL NUMBER | |
| control field | 016460614 |
| 003 - CONTROL NUMBER IDENTIFIER | |
| control field | OSt |
| 005 - DATE AND TIME OF LATEST TRANSACTION | |
| control field | 20180513105517.0 |
| 008 - FIXED-LENGTH DATA ELEMENTS--GENERAL INFORMATION | |
| fixed length control field | 130606t2013 gw a frb 101 0 eng d |
| 020 ## - INTERNATIONAL STANDARD BOOK NUMBER | |
| International Standard Book Number | 9783642393297 (part 4 : paperback) |
| 040 ## - CATALOGING SOURCE | |
| Original cataloging agency | YDXCP |
| Language of cataloging | eng |
| Transcribing agency | YDXCP |
| Modifying agency | Uk |
| -- | EG-ScBUE |
| 082 04 - DEWEY DECIMAL CLASSIFICATION NUMBER | |
| Classification number | 004.019 |
| Edition number | 22 |
| Item number | HUM |
| 111 2# - MAIN ENTRY--MEETING NAME | |
| Meeting name or jurisdiction name as entry element | International Conference on Human-Computer Interaction |
| Number of part/section/meeting | (15th : |
| Date of meeting | 2013 : |
| Location of meeting | Las Vegas, Nev.) |
| 245 10 - TITLE STATEMENT | |
| Title | Human-computer interaction : |
| Remainder of title | 15th international conference, HCI International 2013, Las Vegas, NV, USA, July 21-26, 2013, proceedings / |
| Statement of responsibility, etc | [editor] Masaaki Kurosu. |
| 260 ## - PUBLICATION, DISTRIBUTION, ETC. (IMPRINT) | |
| Place of publication, distribution, etc | Berlin : |
| Name of publisher, distributor, etc | Springer, |
| Date of publication, distribution, etc | c.2013. |
| 300 ## - PHYSICAL DESCRIPTION | |
| Extent | v. 4 : |
| Other physical details | ill. ; |
| Dimensions | 24 cm. |
| 490 0# - Series Statement | |
| Series statement | Lecture notes in computer science, |
| International Standard Serial Number | 0302-9743 ; |
| Volume/sequential designation | 8004-8008 |
| 490 0# - Series Statement | |
| Series statement | LNCS sublibrary: SL 3 - Information systems and application, incl. Internet/Web and HCI |
| 504 ## - BIBLIOGRAPHY, ETC. NOTE | |
| Bibliography, etc | Includes bibliographical references and index. |
| 505 0# - FORMATTED CONTENTS NOTE | |
| Formatted contents note | Part 4. Interaction modalities and techniques. |
| 530 ## - ADDITIONAL PHYSICAL FORM AVAILABLE NOTE | |
| Additional physical form available note | Also issued online. |
| 650 #7 - SUBJECT ADDED ENTRY--TOPICAL TERM | |
| Topical term or geographic name as entry element | Human-computer interaction |
| Form subdivision | Congresses. |
| Source of heading or term | BUEsh |
| 653 ## - INDEX TERM--UNCONTROLLED | |
| Resource For college | Informatics and Computer Science |
| Arrived date list | May2018 |
| 700 1# - ADDED ENTRY--PERSONAL NAME | |
| Personal name | Kurosu, Masaaki, |
| Dates associated with a name | 1948- |
| Relator term | editor. |
| 942 ## - ADDED ENTRY ELEMENTS (KOHA) | |
| Source of classification or shelving scheme | Dewey Decimal Classification |
| Withdrawn status | Item status | Source of classification or shelving scheme | Damaged status | Not for loan | Vendor | Home library | Current library | Shelving location | Date acquired | Cost, normal purchase price | Serial Enumeration / chronology | Total Checkouts | Full call number | Barcode | Date last seen | Cost, replacement price | Koha item type |
|---|---|---|---|---|---|---|---|---|---|---|---|---|---|---|---|---|---|
| Dewey Decimal Classification | Baccah | Central Library | Central Library | Lower Floor | 13/05/2018 | 870.00 | 2000088 | 004.019 HUM | 000047751 | 15/07/2025 | 1087.50 | Book - Borrowing |